Địa hóa môi trường
vv
Đã lưu trong:
| Tác giả chính: | |
|---|---|
| Định dạng: | Sách |
| Năm xuất bản: |
H.
Đại học Quốc gia Hà Nội
2001
|
| Chủ đề: | |
| Tags: |
Thêm thẻ
Không có thẻ, Hãy là người đầu tiên gắn thẻ bản ghi này!
|
| LEADER | 02157nam a2200241 4500 | ||
|---|---|---|---|
| 082 | |a 333.7 |b M103TR | ||
| 100 | |a Mai Trọng Thuận | ||
| 245 | |a Địa hóa môi trường |c Mai Trọng Nhuận | ||
| 260 | |a H. |b Đại học Quốc gia Hà Nội |c 2001 | ||
| 300 | |a 340tr. |c 21cm | ||
| 520 | |a vv | ||
| 653 | |a Môi trường | ||
| 653 | |a Địa hóa học | ||
| 942 | |2 ddc |c STK0 | ||
| 999 | |c 1341 |d 1341 | ||
| 952 | |0 0 |1 0 |2 ddc |4 0 |6 333_700000000000000_M103TR |7 1 |8 300 |9 24860 |a qbu |b qbu |c D2 |d 2014-12-08 |g 27200 |o 333.7 M103TR |p 4540.C1 |r 0000-00-00 |w 2014-12-08 |y STK0 |0 0 |6 333_700000000000000_M103TR |0 0 |6 333_700000000000000_M103TR | ||
| 952 | |0 0 |1 0 |2 ddc |4 0 |6 333_700000000000000_M103TR |7 0 |8 300 |9 24861 |a qbu |b qbu |c D2 |d 2014-12-08 |g 27200 |o 333.7 M103TR |p 4540.C2 |r 0000-00-00 |w 2014-12-08 |y STK0 |0 0 |6 333_700000000000000_M103TR |0 0 |6 333_700000000000000_M103TR | ||
| 952 | |0 0 |1 0 |2 ddc |4 0 |6 333_700000000000000_M103TR |7 0 |8 300 |9 24862 |a qbu |b qbu |c D2 |d 2014-12-08 |g 27200 |o 333.7 M103TR |p 4540.C3 |r 0000-00-00 |w 2014-12-08 |y STK0 |0 0 |6 333_700000000000000_M103TR |0 0 |6 333_700000000000000_M103TR | ||
| 952 | |0 0 |1 0 |2 ddc |4 0 |6 333_700000000000000_M103TR |7 0 |8 300 |9 24863 |a qbu |b qbu |c D2 |d 2014-12-08 |g 27200 |o 333.7 M103TR |p 4540.C4 |r 0000-00-00 |w 2014-12-08 |y STK0 |0 0 |6 333_700000000000000_M103TR |0 0 |6 333_700000000000000_M103TR | ||
| 952 | |0 0 |1 0 |2 ddc |4 0 |6 333_700000000000000_M103TR |7 0 |8 300 |9 24864 |a qbu |b qbu |c D2 |d 2014-12-08 |g 27200 |l 1 |o 333.7 M103TR |p 4540.C5 |r 2017-05-09 |s 2017-05-03 |w 2014-12-08 |y STK0 |0 0 |6 333_700000000000000_M103TR |0 0 |6 333_700000000000000_M103TR | ||
| 952 | |0 0 |1 0 |2 ddc |4 0 |6 333_700000000000000_M103TR |7 0 |8 300 |9 24865 |a qbu |b qbu |c D2 |d 2014-12-08 |g 27200 |o 333.7 M103TR |p 4540.C6 |r 0000-00-00 |w 2014-12-08 |y STK0 |0 0 |6 333_700000000000000_M103TR |0 0 |6 333_700000000000000_M103TR | ||
| 952 | |0 0 |1 0 |2 ddc |4 0 |6 333_700000000000000_M103TR |7 0 |8 300 |9 24866 |a qbu |b qbu |c D2 |d 2014-12-08 |g 27200 |o 333.7 M103TR |p 4540.C7 |r 0000-00-00 |w 2014-12-08 |y STK0 |0 0 |6 333_700000000000000_M103TR |0 0 |6 333_700000000000000_M103TR | ||
| 952 | |0 0 |1 0 |2 ddc |4 0 |6 333_700000000000000_M103TR |7 0 |8 300 |9 24867 |a qbu |b qbu |c D2 |d 2014-12-08 |g 27200 |o 333.7 M103TR |p 4540.C8 |r 0000-00-00 |w 2014-12-08 |y STK0 |0 0 |6 333_700000000000000_M103TR |0 0 |6 333_700000000000000_M103TR | ||